000 00987nam a2200241 a 4500
001 000043318
005 20240508073817.0
008 110718s2013 dr 001 0bspa d
040 _aDO-SdBNP
_bspa
_cBNPHU
082 _a923.2
_bM378a, 2013
245 0 0 _aÁlbum de un héroe :
_ba la augusta memoria de José Martí /
_ccompilado por Federico Henríquez y Carvajal ; edición y notas Diógenes Céspedes.
250 _a3ª ed.
260 _aSanto Domingo :
_bArchivo General de la Nación,
_c2013.
300 _a246 p. ;
_c24 cm.
490 1 _aArchivo General de la Nación
_v202
500 _aIncluye datos biográficos de los autores.
600 1 4 _aMARTÍ, JOSÉ,
_d1853-1895
_xCRÍTICA E INTERPRETACIÓN
_98805
651 4 _aCuba
_xHistoria
_y1878-1895
_xEnsayos, Conferencias, Etc.
_934424
700 1 _aHenríquez i Carvajal, Federico,
_d1848-1952
_ecomp.
_97792
700 1 _aCéspedes, Diógenes,
_d1941-
_eed.
_920548
910 _aValidado. Control de calidad EMS
049 _aBNPD
999 _c42807
_d42807